Joueurs roumains sélectionnés à l'Euro 2024 - Statistiques

Statistiques générales
  • Ce quiz a été pris 9 fois
  • Le résultat moyen est 10 sur 27
Statistiques - réponses
Poste Club Numéro Joueur % Correct
Attaquant Gaziantep (Turquie) 19 Denis Drăguş
100%
Défenseur Tottenham (Angleterre) 3 Radu Drăgușin
100%
Attaquant Parme Calcio 1913 (Italie) 20 Dennis Man
86%
Milieu de terrain Pisa Sporting Club (Italie) 6 Marius Marin
86%
Milieu de terrain FC Empoli (Italie) 18 Răzvan Marin
86%
Défenseur Rayo Vallecano (Espagne) 2 Andrei Rațiu
71%
Attaquant FCSB (Roumanie) 17 Florinel Coman
57%
Gardien Gaziantep (Turquie) 1 Florin Niță
57%
Milieu de terrain Damac FC (Arabie Saoudite) 21 Nicolae Stanciu
57%
Milieu de terrain FCSB (Roumanie) 26 Adrian Șut
43%
Gardien Atletico Madrid (Espagne) 12 Horațiu Moldovan
43%
Milieu de terrain Deportivo Alavés (Espagne) 10 Ianis Hagi
43%
Milieu de terrain FCSB (Roumanie) 14 Darius Olaru
29%
Attaquant Parme Calcio 1913 (Italie) 13 Valentin Mihăilă
29%
Défenseur Paphos FC (Chypre) 4 Adrian Rus
14%
Défenseur Al-Okhdood (Arabie Saoudite) 15 Andrei Burcă
14%
Défenseur Raków Częstochowa (Pologne) 24 Bogdan Racoviţan
14%
Attaquant CRF Cluj (Roumanie) 25 Daniel Bîrligea
14%
Milieu de terrain Gaziantep (Turquie) 23 Deian Sorescu
14%
Attaquant Muaither SC (Qatar) 7 Denis Alibec
14%
Attaquant Bari (Italie) 9 George Puşcaş
14%
Défenseur Universtatea Craiova (Roumanie) 11 Nicușor Bancu
14%
Gardien FCSB (Roumanie) 16 Ştefan Târnovanu
14%
Défenseur CRF Cluj (Roumanie) 22 Vasile Mogoș
14%
Milieu de terrain Konyaspor (Turquie) 8 Alexandru Cicâldău
0%
Sélectionneur - - Edward Iordănescu
0%
Défenseur Palermo (Italie) 5 Ionuţ Nedelcearu
0%
Aucun quiz correspondant
Distribution des résultats
% des personnes avec chaque résultat
Percentile par nombre de réponses
Votre historique - résultats
Vous n’avez pas pris ce quiz